000 01578nam a2200373 c 4500
999 _c62564
_d62564
003 BLK
005 20230311141313.0
008 180408b bul|||||r ||||||| ||bul||
010 _aKNG00066788000
020 _a954-587-111-3
040 _aBLK
041 _aBUL
_cBUL
080 _aИстория на Втората световна война (1939-1945)
_b94(100)"1939/1945"
_z94(100)"1939/1945"
080 _aДвижения срещу определени раси и националности
_b323.12
_x(=924)(091)
_z323.12(=924)(091)
100 1 _aВидал-Наке, Пиер
_eпърви автор
_947900
139 _aВидал-Наке, Пиер
_bВ 57
245 1 0 _aУбийците на паметта
_b"Айхман от хартия" и др. есета върху ревизионизма
_cПиер Видал-Наке; прев. Галина Вълчинова.
257 _aFRA
260 _bКХ
_c2005
300 _a199 с.
_c21 см
380 _a9
490 1 _aСерия Етоси
500 _aОриг. загл. Les assassions de la memoire / Pierr Vidal-Naquet. - Офс. изд.
650 4 _aВтора световна война - жестокости
_9265154
650 4 _aЕврейски въпрос
_9265152
653 _aеврейски въпрос
653 _aВтора световна война
700 1 _aВълчинова, Галина
_eпрев.
_9290874
852 _aЦб 228327
856 4 _qpdf
856 4 _qpdf
942 _cKNG
_n0
_s1
_02
944 _aCR
_c28.06.2006
_kЛюдмила_Стоянова
944 _aED
_c17.04.2007
999 _d62564